[Event "FIDE Candidates 2020"]
[White "Ding,Liren"]
[Black "Alekseenko,Kirill"]
[Site "Yekaterinburg"]
[Round "7.3"]
[Annotator "TA"]
[Result "1/2-1/2"]
[Date "2020.03.25"]
[WhiteElo "2805"]
[BlackElo "2698"]
[PlyCount "80"]

1. d4 {} Nf6 2. c4 e6 3. g3 Bb4+ 4. Bd2 Be7 5. Bg2 d5 6. Nf3 0-0 7. 0-0 Nbd7 8. Qc2 c6 9. Bf4 (9. Rc1 a5 10. a3 h6 11. e3 Re8 12. b3 a4 13. b4 Ne4 14. c5 Bf6 15. Nc3 e5 16. Nxe4 dxe4 17. Nxe5 Nxe5 18. dxe5 Bxe5 19. Bc3 Bxc3 20. Qxc3 Bg4 21. Ra2 {1/2-1/2 (70) Ding,L (2811)-Alekseenko,K (2671)
Khanty-Mansiysk 2019} )b6 10. Rd1 Ba6 {E08: Closed Catalan: Main Line: 7
Qc2.} 11. Nbd2 Rc8 12. Rac1 Nh5 13. Be3 Nhf6 14. Bg5 Bb7 {[#]} 15. Ne5 $146 ({
Predecessor:} 15. Qb1 h6 16. Bxf6 Nxf6 17. e4 dxc4 18. Nxc4 b5 19. Ne3 Qb6 20. b4 a5 21. a3 Rfd8 22. e5 Nd5 23. Ne1 axb4 24. Bxd5 bxa3 {1-0 (31) Joie,S (2363)
-Monceau,E (1987) Charleville Mezieres 2017} )Nxe5 16. dxe5 Ng4 17. Bxe7 Qxe7 18. Nf3 f6 19. exf6 Nxf6 20. Bh3 Rce8 21. Qa4 c5 22. b4 cxb4 23. Qxa7 Ne4 {Hoping for ...Nc3.} 24. Qxb6 Nc3 { Double Attack} 25. Re1 dxc4 {[#]} 26. a3 $1 {} Bd5 (26... Nxe2+ $1 $15 27. Rxe2 Bxf3 28. Rxe6 Qg5 )(26... bxa3 27. Rxc3 )27. Qxb4 (27. axb4 $5 {} Qf6 28. Qe3 $11 )Qxb4 {The position is equal.} 28. axb4 Nxe2+ { Remove Defender} 29. Rxe2 Rxf3 30. Bg2 Rff8 31. Rd2 Rb8 32. Bxd5 exd5 33. Rxd5 Rxb4 $11 {
 Endgame KRR-KRR} 34. Rc2 Rc8 35. Kf1 c3 36. Ke2 Rb7 37. Rd3 Rb2 38. Kd1 Rb1+ 39. Ke2 Rb2 40. Kd1 Rb1+ {Accuracy: White = 91%, Black = 92%.} 1/2-1/2

[Event "FIDE Candidates 2020"]
[White "Giri,Anish"]
[Black "Grischuk,Alexander"]
[Site "Yekaterinburg"]
[Round "7.4"]
[Annotator "TA"]
[Result "1/2-1/2"]
[Date "2020.03.25"]
[WhiteElo "2763"]
[BlackElo "2777"]
[PlyCount "80"]

1. c4 {} e5 2. g3 c6 3. Nf3 e4 4. Nd4 d5 5. cxd5 Qxd5 6. Nc2 {A20: English Opening: 1...e5.} Nf6 7. Nc3 Qe5 8. Bg2 Na6 9. 0-0 Be7 {
[#]} 10. Ne3 $146 ({Predecessor:} 10. d3 exd3 11. Qxd3 Nc5 12. Qd4 Qxd4 13. Nxd4 0-0 14. Bf4 g6 15. b4 Ne6 16. Nxe6 Bxe6 {1-0 (64) Tomashevsky,E (2705)
-Grischuk,A (2777) Moscow 2019} )h5 11. d4 exd3 $1 12. exd3 Qd4 13. Nc2 Qg4 (13... Qd8 {keeps more tension.} 14. Bg5 Bg4 15. Qd2 0-0 16. d4 Nc7 )14. Bf4 Qxd1 15. Raxd1 (15. Rfxd1 {looks sharper.} Bg4 16. Re1 h4 17. d4 Rd8 18. a3 )Bg4 {The position is equal.} 16. Rd2 0-0-0 17. d4 Nc7 18. Ne3 {Black
should prevent d5.} Be6 (18... Ne6 {feels hotter.} 19. Nxg4 hxg4 20. Be3 Nc7 21. d5 Nfxd5 22. Nxd5 Nxd5 23. Bxd5 Rxd5 24. Rxd5 cxd5 25. Rd1 Rh5 )19. d5 Ncxd5 20. Ncxd5 Nxd5 21. Nxd5 Bxd5 {[#]} 22. Rxd5 $1 {} Rxd5 (22... cxd5 23. Bh3+ )23. Bxd5 cxd5 $11 { Endgame KRB-KRB} 24. Rc1+ Kd7 25. Rc7+ { Double Attack} Ke6 26. Rxb7 Rc8 27. Rxa7 Rc2 28. Be3 Bf6 {
White must now prevent ...d4.} 29. Ra4 Bxb2 30. Kg2 d4 (30... f6 {is more
complex.} 31. h4 Bc3 32. Kf3 Kf5 33. g4+ hxg4+ 34. Rxg4 g6 )31. Bxd4 Bxd4 32. Rxd4 Rxa2 {KR-KR} 33. Re4+ Kf6 34. Rf4+ Ke6 35. Re4+ Kf6 36. Rf4+ Ke6 37. Re4+ Kf6 38. Rf4+ Ke6 39. h4 g6 40. Re4+ Kf6 {Not much happened in this game.
Accuracy: White = 100%, Black = 100%.} 1/2-1/2

[Event "FIDE Candidates 2020"]
[White "Caruana,Fabiano"]
[Black "Vachier-Lagrave,Maxime"]
[Site "Yekaterinburg"]
[Round "8.1"]
[Annotator "TA"]
[Result "1-0"]
[Date "2021.04.19"]
[WhiteElo "2820"]
[BlackElo "2758"]
[PlyCount "147"]

1. e4 {} c5 2. Nf3 d6 3. d4 cxd4 4. Nxd4 Nf6 5. Nc3 a6 6. Bg5 e6 7. f4 Qb6 8. Qd2 Qxb2 9. Rb1 Qa3 10. e5 h6 11. Bh4 dxe5 {B97: Sicilian Najdorf: Poisoned Pawn.} 12. fxe5 Nfd7 {is currently scoring better than 12...g5.} 13. Ne4 $1 Qxa2 {The position
is equal.} 14. Rd1 Qd5 15. Qe3 Qxe5 ({Avoid the trap} 15... Nxe5 $2 16. Nb3 $18 )16. c3 Bc5 {White must now prevent ...f5.} 17. Bg3 Qd5 {[#]} 18. Bc4 $146 ({
Predecessor:} 18. Bd6 Bxd6 19. Nb5 Qxd1+ 20. Kxd1 Be5 21. Nbd6+ Ke7 22. Nc4 Rd8 23. Kc2 Bc7 24. Be2 {1-0 (37) Beveridge,C (1963)-Milde,L (2075) ICCF email 2013
} )Qxc4 $17 19. Bd6 {[#] Threatens to win with Bxc5.} Nf6 $1 20. Nxc5 $15 Nd5 21. Qe5 { [#]} Rg8 22. Ndxe6 $1 fxe6 23. Nxe6 Qxc3+ 24. Qxc3 Nxc3 25. Nc7+ { Double Attack} Kf7 26. Rd3 Ne4 {And now ...Ra7 would
win.} 27. 0-0+ Kg6 {Strongly threatening ...Ra7.} 28. Nxa8 Nc6 (28... Rd8 $11 {
remains equal.} 29. Nb6 Bf5 )29. Nb6 $16 Rd8 30. Nxc8 Rxc8 31. Ba3 Rc7 32. Rf4 Nf6 33. Bb2 Ne7 34. Bxf6 gxf6 { Endgame KRR-KRN} 35. h4 h5 36. Rg3+ { White has strong compensation.} Kf7 37. Rg5 Rc1+ 38. Kh2 Ng6 39. Rf2 Nxh4 (39... Kg7 $142 40. Rxh5 Ne5 )40. Rxh5 Ng6 41. Rh7+ Ke6 42. Rxb7 {
Rb6+ is the strong threat.} Ne5 {Threatening ...Ng4+.} 43. Rb6+ Rc6 44. Rxc6+ Nxc6 $18 {KR-KN} 45. Kg3 Kf7 46. Rc2 Nb4 47. Rd2 Nc6 48. Kf4 Kg6 49. Rd6 Ne5 50. Rxa6 Nf7 51. Ke4 Nh6 52. Ra5 Nf7 53. Ra3 {aiming for Rg3+.} Nd6+ 54. Kf4 Nf5 55. Rd3 Nh6 $2 (55... Ne7 56. Ra3 Nc6 57. Rg3+ Kf7 )56. Rg3+ Kf7 57. Ke4 Ng8 58. Kf5 $2 (58. Rb3 Ne7 59. Ra3 )Ne7+ 59. Kf4 Nd5+ 60. Kg4 Kg6 61. Kf3+ Kf7 62. Ke4 Ne7 $2 (62... Nc7 63. Rc3 Ne8 )63. Kf4 $2 (63. Rc3 $18 {
has better winning chances.} Ke6 64. Ra3 )Nd5+ $1 $16 64. Kf5 Ne7+ 65. Ke4 $2 (65. Kg4 )Ng8 $1 $18 66. Rh3 $2 (66. Ra3 Ne7 67. Ra7 )Kg6 67. Ra3 Kf7 $2 (67... Ne7 68. Rd3 Nc6 )68. Kf4 Nh6 69. Rg3 Ng8 {[#]} 70. Kg4 $1 Ne7 71. Kh5 Nd5 72. Rf3 Ke6 73. g4 Ke5 74. Kg6 {Weighted Error Value: White=0.
21/Black=0.09} 1-0

[Event "FIDE Candidates 2020"]
[White "Wang,Hao"]
[Black "Ding,Liren"]
[Site "Yekaterinburg"]
[Round "8.2"]
[Annotator "TA"]
[Result "1/2-1/2"]
[Date "2021.04.19"]
[WhiteElo "2763"]
[BlackElo "2791"]
[PlyCount "55"]

1. e4 {} e5 2. Nf3 Nc6 3. d4 exd4 4. Nxd4 Nf6 5. Nxc6 bxc6 6. e5 Qe7 7. Qe2 Nd5 8. c4 {8.h4 is the fancy move.} Ba6 9. b3 g6 10. Ba3 {C45: Scotch Game.} Nb4 11. Bb2 $1 Bg7 $1 12. a3 {[#]The position is equal.} Nd5 13. Nd2 { [#]} 0-0 $1 14. 0-0-0 Rfe8 15. Qf3 Nb6 16. Ne4 Bxe5 17. Bxe5 Qxe5 18. Nf6+ { Double Attack} Kf8 {
...Re6 is the strong threat.} 19. Nxe8 {aiming for Nf6.} Qa1+ {
Double Attack} 20. Kc2 Qa2+ 21. Kc1 $1 {Strongly threatening Qc3.} Qxa3+ 22. Kb1 {[#]} Na4 $5 $146 { New and interesting.} ({
Predecessor:} 22... Rb8 23. Qc3 Nxc4 24. Qh8+ Ke7 25. Re1+ Kd8 26. Nd6# {
1-0 (28) Sos,F-Bender,Z ICCF email 2016} )23. Qf6 {} Qxb3+ {
 Double Attack} 24. Kc1 {White threatens Qh8+ and mate.} Qa3+ (24... Rxe8 25. Qh8+ Ke7 26. Re1+ Qe3+ 27. Rxe3+ Kd8 28. Rxe8# )25. Kc2 Qa2+ { Double Attack} ({Weaker is} 25... Rxe8 26. Qh8+ Ke7 27. Re1+ Qe3 28. Rxe3+ (28. fxe3 Rxh8 29. Ra1 Nc5 $15 )Kd8 29. Rxe8# )26. Kc1 {Threatening mate
with Qh8+.} Qa3+ 27. Kc2 {Intending Qh8+ and mate.} Qa2+ { Double
Attack} ({Inferior is} 27... Rxe8 28. Qh8+ Ke7 29. Re1+ Qe3 30. Rxe3+ (30. fxe3 Rxh8 31. Ra1 Nc5 $15 )Kd8 31. Rxe8# )28. Kc1 {A rather calm draw. 
Weighted Error Value: White=0.00/Black=0.00} 1/2-1/2

[Event "FIDE Candidates 2020"]
[White "Nepomniachtchi,Ian"]
[Black "Giri,Anish"]
[Site "Yekaterinburg"]
[Round "8.3"]
[Annotator "TA"]
[Result "1/2-1/2"]
[Date "2021.04.19"]
[WhiteElo "2789"]
[BlackElo "2776"]
[PlyCount "55"]

1. e4 {} c5 2. Nf3 Nc6 3. d4 cxd4 4. Nxd4 Nf6 5. Nc3 e5 6. Ndb5 d6 7. Bg5 a6 8. Na3 b5 9. Nd5 Be7 10. Bxf6 Bxf6 11. c3 Rb8 12. Nc2 Bg5 13. g3 0-0 {B33: Sicilian: Pelikan and Sveshnikov Variations.} 14. h4 $1 { is
more profitable than 14.Bg2 at the moment.} Bh6 15. a3 a5 {[#] The position is
equal.} 16. Qd3 $146 ({Predecessor:} 16. Bg2 Ne7 17. Nce3 Bxe3 18. Nxe3 Be6 19. 0-0 {1/2-1/2 (19) Vitiugov,N (2722)-Sevian,S (2660) chess.com INT 2020} )Ne7 17. Nce3 Bxe3 18. Nxe3 Be6 19. Rd1 Rb6 20. Bh3 Bb3 21. Rd2 Qc7 22. 0-0 Rfb8 23. Rc1 Rc6 24. Bg4 h6 25. Bd1 Be6 26. Bg4 Bb3 27. Bd1 Be6 28. Bg4 {Not much
happened in this game.  Weighted Error Value: White=0.06/Black=0.02} 1/2-1/2

[Event "FIDE Candidates 2020"]
[White "Alekseenko,Kirill"]
[Black "Grischuk,Alexander"]
[Site "Yekaterinburg"]
[Round "8.4"]
[Annotator "TA"]
[Result "1-0"]
[Date "2021.04.19"]
[WhiteElo "2696"]
[BlackElo "2777"]
[PlyCount "147"]

1. e4 {} e6 2. d4 d5 3. Nc3 Nf6 4. e5 Nfd7 5. f4 c5 6. Nf3 Nc6 7. Be3 cxd4 8. Nxd4 Qb6 9. Qd2 Qxb2 10. Rb1 Qa3 11. Bb5 {
Black must now prevent Rb3.} Nxd4 {C11: French: Classical System: 4 e5 and 4
Bg5 dxe4.} 12. Bxd4 ({But not} 12. Qxd4 a6 $17 )a6 {The main line 12...
a6 scores better than 12...Bb4.} 13. Bxd7+ Bxd7 {The position is equal.} 14. Rb3 Qe7 15. Rxb7 Qh4+ (15... Rc8 {with more complications.} 16. 0-0 Qd8 17. Qf2 Rc4 18. Rfb1 Ba3 )16. Qf2 (16. Bf2 {keeps more tension.} Qd8 17. Bb6 Qc8 18. Rc7 Qd8 19. Qd4 )Qxf2+ 17. Kxf2 Be7 {[#]} 18. Nd1 $146 ({Predecessor:} 18. Rhb1 Bc8 19. R7b3 0-0 20. Na4 a5 21. Nb6 Ra6 22. Rc3 Rxb6 23. Rxb6 f6 24. Rc7 fxe5 25. Bxe5 Bh4+ 26. g3 Bf6 27. Bxf6 gxf6 28. Rbc6 {1-0 (28) Wang,J 
(2380)-Zhang,X (2374) China 2016} )Bd8 19. Ne3 Bc6 20. Rb2 0-0 21. Bc5 Re8 22. c4 f6 23. cxd5 exd5 24. Bd6 fxe5 25. fxe5 d4 26. Nf5 d3 27. Ke3 Bb5 28. Ke4 Rc8 29. Nd4 Bc4 30. Rd1 a5 31. a3 g6 32. Rb7 Bf6 33. Nf3 Bg7 34. Ra7 Rcd8 {
...Rxd6 is the strong threat.} (34... Bb3 $5 {} 35. Rd2 Bc2 $15 )35. Kd4 Bb3 $15 36. Rxg7+ Kxg7 37. Rxd3 a4 38. Nd2 Be6 39. Ne4 $1 Bf5 (39... Ra8 {is interesting.} 40. Nc5 Ra5 41. Kc3 Bb3 42. Rd4 Ra7 )40. Re3 Bxe4 (40... Bc8 {is more complex.} 41. Rc3 Rf8 42. Rc4 Rf1 43. Rxa4 Bf5 )41. Rxe4 $11 {
 Endgame KRR-KRB} Rf8 42. Ke3 Rfe8 43. Kf4 Ra8 44. Rb4 Ra7 45. Ke4 Kf7 46. Rb6 Rc8 47. Bb4 Rac7 48. Kd5 Rc2 49. e6+ Kf6 {aiming for ...Rd8+.} 50. Rb7 {And now Rf7+ would win.} g5 ({Don't blunder} 50... Rxg2 $2 51. Rf7+ Kg5 52. e7 $18 )51. Rxh7 Rxg2 52. Kd6 Kg6 53. Rh3 g4 54. Re3 {Threatens to win
with Kd7.} Rxh2 55. Kd7 Rhh8 {Hoping for ...Rhd8+.} 56. e7 Rce8 57. Bd6 Ra8 $2 {} ({Black should play} 57... Kf5 $1 $14 )58. Bc7 $2 (58. e8=Q+ $18 Raxe8 59. Rxe8 Rxe8 60. Kxe8 )Rag8 $2 {} (58... Rh7 $14 )59. Re4 (59. e8=Q+ $142 Rxe8 60. Rxe8 Rxe8 61. Kxe8 )Kf5 (59... Kf6 $18 )60. Rf4+ Kg5 61. Rxa4 Kh4 $2 {} (61... Rh7 $16 )62. Re4 $18 Ra8 63. a4 $1 {} Kg5 64. a5 Rh7 {[#]} 65. Kc6 $2 (65. Kd6 $1 $18 {is the precise move to win.} )Rhh8 $16 66. Kd7 (66. Kb7 $16 g3 67. Re1 )Rh7 $18 {[#]} 67. Kc6 (67. Kd6 $1 $18 Rhh8 68. Re1 )Rhh8 $16 68. Re3 { White has strong compensation.} Rhe8 $2 {} (68... Kf5 $16 69. Kd7 Rh7 70. Re5+ Kf6 )69. Kd7 $18 Kf6 70. Re6+ (70. Re1 $142 Kf7 71. Re4 )Kf7 71. Re4 Kf6 72. Bd8 {White mates.} Kf5 73. Kxe8 Kxe4 74. Kf8 {Weighted Error Value: White=0.19/Black=0.29} 1-0

[Event "FIDE Candidates 2020"]
[White "Alekseenko,Kirill"]
[Black "Wang,Hao"]
[Site "Yekaterinburg"]
[Round "11.2"]
[Annotator "TA"]
[Result "1/2-1/2"]
[Date "2021.04.23"]
[WhiteElo "2696"]
[BlackElo "2763"]
[PlyCount "110"]

1. e4 {} e5 2. Nf3 Nc6 3. Bc4 Nf6 4. d3 h6 5. c3 d6 6. Nbd2 g5 {C55: Two Knights: 4 d3, 4 d4 exd4 5 e5 and Max Lange
Attack.} 7. Nf1 g4 8. N3d2 d5 9. exd5 Nxd5 10. Ne3 Nxe3 11. fxe3 {[#]} Na5 $146 ({Predecessor:} 11... f5 12. 0-0 Bd6 13. d4 Qe7 14. e4 f4 15. Bd5 h5 16. Nc4 Rf8 17. dxe5 Bxe5 18. Nxe5 Qxe5 {1-0 (34) Anand,V (2757)-Caruana,F (2822)
Bucharest 2019} )12. 0-0 Nxc4 13. Nxc4 Bg7 14. e4 h5 15. Ne3 Qd6 16. Qb3 0-0 17. Qc2 b6 18. Bd2 Ba6 19. c4 Rad8 20. Nd5 Bc8 21. Rae1 f5 22. exf5 (22. d4 $5 f4 23. c5 bxc5 24. dxc5 $14 )Bxf5 23. Bb4 c5 24. Bc3 Be6 25. Qd2 (25. Qa4 $11 )Rxf1+ $17 26. Rxf1 Bxd5 27. cxd5 Qg6 ({Much worse is} 27... Qxd5 $6 28. Qg5 $11 )28. Qd1 {[#]} Rxd5 ({Black should try} 28... b5 $1 $17 29. Qb3 a6 30. d6+ Kh7 )29. Qa4 $11 {The position is equal.} Rxd3 {Threatening ...a5.} 30. Qxa7 Rd8 31. a4 Rf8 32. Rxf8+ Bxf8 33. Qb8 Qb1+ 34. Kf2 Qf5+ 35. Ke2 Qe4+ 36. Kf2 Qf4+ 37. Kg1 Qc1+ 38. Kf2 Qf4+ 39. Kg1 Qe3+ 40. Kf1 Qd3+ 41. Kf2 Qf5+ 42. Ke2 Qc2+ 43. Kf1 Qd1+ (43... c4 {with more complications.} 44. Qxb6 Qd3+ 45. Kf2 Qf5+ 46. Kg1 Qb1+ )44. Kf2 Qxa4 45. Qxb6 {[#] Black must now prevent Qg6+.} Qc2+ 46. Kf1 {Hoping for Qe6+.} Qf5+ 47. Ke2 h4 48. Qb3+ Kh7 49. Qd5 Bg7 50. Qxc5 Qe4+ 51. Kf1 Qd3+ 52. Ke1 h3 53. gxh3 Qe4+ 54. Kf1 Qd3+ 55. Ke1 Qe4+ {
Weighted Error Value: White=0.05/Black=0.06} 1/2-1/2

[Event "FIDE Candidates 2020"]
[White "Grischuk,Alexander"]
[Black "Vachier-Lagrave,Maxime"]
[Site "Yekaterinburg"]
[Round "11.3"]
[Annotator "TA"]
[Result "1-0"]
[Date "2021.04.23"]
[WhiteElo "2777"]
[BlackElo "2758"]
[PlyCount "95"]

1. e4 {} c5 2. Nc3 d6 3. d4 cxd4 4. Qxd4 Nc6 5. Qd2 g6 6. b3 {B23: Closed
Sicilian: Lines without g3.} Bh6 7. f4 Nf6 8. Bb2 {The position is equal.} e5 9. Nge2 $5 { A promising side line.} 0-0 10. 0-0-0 {[#]} Be6 $146 ({
Predecessor:} 10... Nd4 11. Kb1 Bg4 12. g3 d5 13. Nxd5 Nxd5 14. exd5 Qxd5 15. Bxd4 exd4 16. Rg1 Rfe8 {0-1 (26) Gevorgyan,M (2228)-Shevchenko,K (2592) chess.
com INT 2020} )11. Kb1 a5 12. a4 Qb6 13. h4 (13. Qxd6 $2 Rfd8 $19 )Rac8 (13... Ng4 $1 $15 14. Re1 (14. Qxd6 $2 Nf2 $19 )Nb4 )14. h5 (14. Qxd6 $2 Rfd8 $19 )Nxh5 15. g3 Nb4 16. Bh3 Bxh3 17. Rxh3 Bg7 18. g4 Nf6 {} 19. g5 { White has compensation.} Nh5 (19... Ng4 $14 )20. f5 $18 Rfd8 21. f6 Bf8 22. Ng3 $1 {} d5 23. exd5 (23. Nxh5 dxe4 24. Qe2 Rxd1+ 25. Qxd1 Qf2 $11 )Nxg3 (23... Nf4 $2 24. Rxh7 $3 {} Nbxd5 25. Nxd5 $18 )24. Rxg3 h5 (24... e4 $142 25. Qe1 Qc7 )25. Qe2 ({White
should try} 25. gxh6 $18 Qxf6 26. Qh2 )Rc5 $16 {} 26. Rh3 (26. Qxe5 $2 Bd6 $19 )Nxd5 27. Nxd5 Rcxd5 28. Rdh1 {Hoping for Bc1.} Qd6 29. Ka2 {And now Rxh5! would win.} Rd1 {[#]} 30. Rxh5 $40 { White
wants a kill.} gxh5 31. Rxh5 (31. Rh3 $1 $16 Qd7 32. Qxh5 Qxh3 33. Qxh3 )Rd4 $1 $11 32. Rh1 Rxa4+ 33. Kb1 $1 Qd5 34. Qh5 {} Qxh1+ $1 35. Qxh1 Rg4 36. Bxe5 Rxg5 (36... Re8 $11 37. Bc3 b6 )37. Qxb7 $14 Rd2 {[#]} ({Don't blunder} 37... Rxe5 $2 38. Qg2+ Kh7 39. Qh2+ Kg6 40. Qxe5 $18 )({
Much weaker is} 37... Rd1+ 38. Kb2 $16 )({Better is} 37... Re8 $1 $14 38. Bc3 Bd6 )38. Bc3 (38. Bf4 $1 $18 {} Rg1+ 39. Kb2 )Re2 39. Qc8 Rg1+ 40. Kb2 Rgg2 $1 41. Bxa5 {Threatens to win with b4.} Rxc2+ 42. Qxc2 Rxc2+ {} (42... Ba3+ $14 43. Kc3 Rxc2+ 44. Kxc2 Kf8 )43. Kxc2 {KB-KB} Kh7 44. Kd3 Kg6 45. Bc3 Kf5 {[#]} 46. Kc4 $1 Ke6 47. b4 {} Bd6 48. b5 {Weighted Error Value: White=0.14/Black=0.42} 1-0

[Event "FIDE Candidates 2020"]
[White "Vachier-Lagrave,Maxime"]
[Black "Alekseenko,Kirill"]
[Site "Yekaterinburg"]
[Round "12.3"]
[Annotator "ChessBase"]
[Result "1-0"]
[Date "2021.04.24"]
[WhiteElo "2758"]
[BlackElo "2696"]
[PlyCount "89"]
[TimeControl "60"]

1. e4 {[%emt 0:0:0]} c6 {[%emt 0:0:0]} 2. d4 {[%emt 0:0:13]} d5 {[%emt 0:0:0]} 3. f3 {[%emt 0:0:4]} dxe4 {[%emt 0:0:0]} 4. fxe4 {[%emt 0:0:46]} e5 {[%emt 0:0:17]} 5. Nf3 {[%emt 0:0:58]} Bg4 {[%emt 0:0:30]} 6. c3 {[%emt 0:1:10]
} Nf6 {[%emt 0:2:51]} 7. Bc4 {[%emt 0:4:22]} Qc7 {[%emt 0:0:0]} 8. dxe5 {[%emt 0:7:30]} Bxf3 {[%emt 0:3:58]} 9. Qxf3 {[%emt 0:3:40]} Qxe5 {[%emt 0:0:10]} 10. Bf4 {[%emt 0:0:15]} Qh5 {[%emt 0:25:8]} 11. Nd2 {[%emt 0:3:3]
} Nbd7 {[%emt 0:0:11]} 12. 0-0-0 {[%emt 0:1:40]} Nb6 {[%emt 0:0:0]} 13. Bb3 {[%emt 0:3:47]} Be7 {[%emt 0:6:35]} 14. Rhg1 {[%emt 0:6:13]} Qxf3 {[%emt 0:3:43]} 15. gxf3 {[%emt 0:0:45]} g6 {[%emt 0:0:27]} 16. Nc4 {[%emt 0:9:15]
} Nxc4 {[%emt 0:5:4]} 17. Bxc4 {[%emt 0:0:7]} b5 {[%emt 0:0:0]} 18. Bb3 {[%emt 0:1:4]} Nd7 {[%emt 0:0:0]} 19. Bxf7+ {[%emt 0:2:10]} Kxf7 {[%emt 0:2:44]} 20. Rxd7 {[%emt 0:0:7]} Ke6 {[%emt 0:0:3]} 21. Rc7 {[%emt 0:5:45]
} Rhc8 {[%emt 0:0:0]} 22. Rxc8 {[%emt 0:23:50]} Rxc8 {[%emt 0:0:0]} 23. Be3 {[%emt 0:0:4]} a5 {[%emt 0:0:4]} 24. Kd2 {[%emt 0:1:10]} a4 {[%emt 0:0:4]} 25. f4 {[%emt 0:0:2]} Rd8+ {[%emt 0:0:4]} 26. Ke2 {[%emt 0:0:2]
} Rf8 {[%emt 0:0:6]} 27. Kf3 {[%emt 0:0:17]} Rd8 {[%emt 0:0:0]} 28. Rc1 {[%emt 0:0:29]} c5 {[%emt 0:0:0]} 29. c4 {[%emt 0:0:0]} b4 {[%emt 0:0:0]
} 30. Ke2 {[%emt 0:0:0]} Rd7 {[%emt 0:0:0]} 31. Rd1 {[%emt 0:0:0]} Rxd1 {[%emt 0:0:0]} 32. Kxd1 {[%emt 0:0:0]} Bf8 {[%emt 0:0:0]} 33. Kc2 {[%emt 0:0:0]} Be7 {[%emt 0:0:0]} 34. b3 {[%emt 0:0:0]} a3 {[%emt 0:0:0]
} 35. Kd3 {[%emt 0:0:0]} Bf8 {[%emt 0:0:0]} 36. Bf2 {[%emt 0:0:0]} Be7 {[%emt 0:0:0]} 37. Ke3 {[%emt 0:0:0]} Bd8 {[%emt 0:0:0]} 38. Kf3 {[%emt 0:0:0]} Be7 {[%emt 0:0:0]} 39. Kg4 {[%emt 0:0:0]} h5+ {[%emt 0:0:0]
} 40. Kf3 {[%emt 0:0:0]} Bf8 {[%emt 0:0:0]} 41. Bh4 {[%emt 0:0:0]} Bd6 {[%emt 0:16:26]} 42. e5 {[%emt 0:0:0]} Bc7 {[%emt 0:0:0]} 43. Ke4 Ba5 44. Bg5 Bb6 45. Bh6 1-0

[Event "FIDE Candidates 2020"]
[White "Wang,Hao"]
[Black "Nepomniachtchi,Ian"]
[Site "Yekaterinburg"]
[Round "12.4"]
[Annotator "TA"]
[Result "0-1"]
[Date "2021.04.24"]
[WhiteElo "2763"]
[BlackElo "2789"]
[PlyCount "118"]

1. e4 {} e5 2. Nf3 Nf6 3. Nxe5 d6 4. Nf3 Nxe4 5. d3 Nf6 6. d4 d5 7. Bd3 Bd6 8. Qe2+ Qe7 9. Qxe7+ Kxe7 10. 0-0 {C01: French: Exchange Variation.} Nc6 {[#]} 11. c3 $146 ({
Predecessor:} 11. Re1+ Kf8 12. c3 h6 13. Ne5 Ne7 14. Nd2 Bf5 15. Bf1 Rd8 16. g3 c6 17. a4 Ne8 {1-0 (44) Vachier Lagrave,M (2784)-Duda,J (2743) chess24.com INT
2020} )h6 12. Nh4 {The position is equal.} Re8 13. Nf5+ Bxf5 14. Bxf5 Kf8 15. g3 Ne7 {} 16. Bh3 Nc8 17. Nd2 a5 18. a4 c6 19. Rd1 h5 20. Nf1 g6 21. f3 Nb6 22. b3 Kg7 23. Kf2 Nbd7 24. Bg5 Nf8 25. Re1 Ne6 26. Be3 Rac8 27. Bd2 c5 28. dxc5 Bxc5+ 29. Kg2 Bb6 30. Rab1 Rc6 31. b4 Nc7 32. Rxe8 Ncxe8 33. bxa5 Bxa5 34. Rxb7 Nd6 35. Ra7 Bxc3 36. Bd7 Nxd7 37. Bxc3+ Rxc3 38. Rxd7 $11 { Endgame KRN-KRN} Rc6 39. Re7 (39. Nd2 $11 )Rc2+ $17 40. Kg1 d4 41. Rd7 Nf5 42. a5 Ra2 43. Ra7 Kf6 44. a6 h4 {...h3 is the strong threat.} 45. Ra8 h3 {White must now prevent ...Rg2+.
} 46. a7 Ke7 47. g4 (47. Nd2 $1 $11 {keeps the balance.} )Nd6 48. Rb8 Rxa7 49. Rb4 d3 50. Rb3 Ra2 51. Rxd3 Nc4 52. Ng3 Rg2+ 53. Kh1 Kf8 (53... g5 $1 $17 54. Rd1 Nd2 55. Re1+ Kd7 )54. Rc3 ({White should try} 54. g5 $15 )Nb2 $1 { ( -> ...Nd1)} 55. Rc8+ {[#]} Kg7 $1 56. Rd8 {[#]} Rf2 $1 57. Kg1 Rxf3 {Black is clearly better.} 58. Ne4 Re3 59. Ng3 Ra3 {Weighted Error
Value: White=0.10/Black=0.05} 0-1

[Event "FIDE Candidates 2020"]
[White "Wang,Hao"]
[Black "Caruana,Fabiano"]
[Site "Yekaterinburg"]
[Round "13.1"]
[Annotator "TA"]
[Result "0-1"]
[Date "2021.04.26"]
[WhiteElo "2763"]
[BlackElo "2820"]
[PlyCount "84"]

1. e4 {} c5 2. Nf3 e6 3. c3 Nf6 4. e5 Nd5 5. d4 cxd4 6. cxd4 d6 7. Bc4 Be7 8. 0-0 {
B22: Sicilian: 2 c3.} 0-0 9. a3 Bd7 $5 { [#] Leaves trodden paths.} 10. Bxd5 $146 {The position is equal.} ({Predecessor:} 10. Qe2 Bc6 11. Bd2 Nd7 12. Nc3 dxe5 13. Bxd5 exd5 14. dxe5 Nc5 15. Be3 Ne4 16. Rac1 {1-0 (24) Kryvoruchko,
Y (2628)-Pavlovic,M (2537) Kavala 2008} )exd5 11. Nc3 Be6 12. Bf4 Nc6 13. exd6 Bxd6 14. Bxd6 Qxd6 15. Re1 Rac8 16. Qd3 f6 17. h3 Bf7 18. Rac1 Qd7 19. Nh2 Rfe8 20. Rxe8+ Rxe8 21. Nf1 g6 22. Ne3 Kg7 23. Na4 Qd6 24. Nc3 h5 25. Rd1 a6 26. Rc1 h4 27. Rd1 Na5 28. b4 Nc4 29. Nxc4 dxc4 30. Qd2 Bd5 31. b5 Bf7 (31... axb5 {feels hotter.} 32. Nxb5 Qd7 33. Nc3 g5 34. Rb1 Be4 )32. bxa6 bxa6 33. a4 g5 34. d5 Bg6 35. Re1 Qf4 36. Qd1 {[#]} Bc2 $1 37. Qa1 Re5 38. Rxe5 Qxe5 39. a5 Kg6 40. Kh1 (40. f3 $15 )Be4 $19 41. d6 {[#] Hoping for d7.} Bc6 42. Qb2 Qxd6 {Weighted Error Value: White=0.14/Black=0.03} 0-1

[Event "FIDE Candidates 2020"]
[White "Nepomniachtchi,Ian"]
[Black "Vachier-Lagrave,Maxime"]
[Site "Yekaterinburg"]
[Round "13.2"]
[Annotator "TA"]
[Result "1/2-1/2"]
[Date "2021.04.26"]
[WhiteElo "2789"]
[BlackElo "2758"]
[PlyCount "83"]

1. Nf3 {
} Nf6 2. c4 b6 3. g3 Bb7 4. Bg2 g6 5. d4 Bg7 6. d5 {A50: Queen's
Fianchetto Defence (1 d4 Nf6 2 c4 b6).} Na6 7. Nc3 Nc5 8. 0-0 {White has an
edge.} 0-0 9. Qc2 a5 {[#]} 10. Rd1 $5 $146 { An interesting novelty.} ({Predecessor:} 10. e4 d6 11. Be3 e5 12. h3 c6 13. dxc6 Bxc6 14. Nd2 Qc7 15. Rfd1 Rfd8 16. Nb3 {1-0 (40) Banusz,T (2623)-Jimenez Garcia,E (2397) chess.com
INT 2020} )Ne8 11. Bf4 Nd6 12. b3 Re8 13. Be5 e6 14. Bxg7 Kxg7 15. Rab1 e5 16. Nd2 f5 17. a3 {} Qf6 18. b4 axb4 19. axb4 Na6 20. e4 f4 21. Ne2 fxg3 22. fxg3 c5 23. bxc5 Nxc5 24. Rxb6 Qd8 25. Rdb1 Qc7 26. Nc3 Rf8 27. R6b2 Ba6 28. Nd1 Rab8 29. Rxb8 Rxb8 30. Rxb8 Qxb8 31. Qb2 Qxb2 32. Nxb2 Nc8 33. Kf2 Nb6 34. Bf1 d6 35. Ke3 Kf6 36. Be2 Ke7 37. Nb1 Bc8 38. Nc3 Bd7 39. Bd1 Be8 40. Bc2 Bd7 41. Bd1 Be8 $1 42. Bc2 {Weighted Error Value: White=0.
09/Black=0.08} (42. g4 $14 )1/2-1/2